Applied ECM /
Bewaard in:
| Hoofdauteur: | |
|---|---|
| Formaat: | Sách giấy |
| Taal: | English |
| Gepubliceerd in: |
Dunn Loring, Virginia :
EW Engineering,
1982.
|
| Tags: |
Voeg label toe
Geen labels, Wees de eerste die dit record labelt!
|
| Thư viện lưu trữ: | Thư viện Trường Đại học Đà Lạt |
|---|
| LEADER | 00580nam a2200253 4500 | ||
|---|---|---|---|
| 001 | DLU020000068 | ||
| 005 | ##19980211 | ||
| 040 | # | # | |a DLU |b vie |
| 041 | # | # | |a eng |
| 082 | # | # | |a 623.043 |b BR-L |
| 100 | # | # | |a Brunt, Leroy B. Van. |
| 245 | # | # | |a Applied ECM / |c Leroy B. Van Brunt. |
| 260 | # | # | |a Dunn Loring, Virginia : |b EW Engineering, |c 1982. |
| 300 | # | # | |a xx, 634 tr. ; |c 23 cm. |
| 992 | # | # | |a 18000 |
| 994 | # | # | |a DLU |
| 900 | # | # | |a False |
| 911 | # | # | |a Administrator |
| 925 | # | # | |a G |
| 926 | # | # | |a A |
| 927 | # | # | |a SH |
| 980 | # | # | |a Thư viện Trường Đại học Đà Lạt |